000 00229nam a2200121Ia 4500
100 _a#N/A
650 _aComputers
942 _cBK
245 _a3D STUDIO MAX FUNDAMENTALS
260 _b#N/A
082 _bTOD
546 _aENGLISH
999 _c34846
_d34846